Impact strength of materials (Record no. 76424)
[ view plain ]
| 000 -LEADER | |
|---|---|
| fixed length control field | 00833nam a2200205 a 4500 |
| 008 - FIXED-LENGTH DATA ELEMENTS--GENERAL INFORMATION | |
| fixed length control field | 120416s1972 ||||||||||||||||| || u |
| 020 ## - INTERNATIONAL STANDARD BOOK NUMBER | |
| International Standard Book Number | 0713132663 |
| 050 ## - LIBRARY OF CONGRESS CALL NUMBER | |
| Classification number | TA 418.34 Joh |
| 100 ## - MAIN ENTRY--PERSONAL NAME | |
| Personal name | Johnson, W. (William), 1922- |
| 245 10 - TITLE STATEMENT | |
| Title | Impact strength of materials |
| 260 ## - PUBLICATION, DISTRIBUTION, ETC. | |
| Place of publication, distribution, etc. | London |
| Name of publisher, distributor, etc. | Edward Arnold |
| Date of publication, distribution, etc. | 1972 |
| 300 ## - PHYSICAL DESCRIPTION | |
| Extent | xiii, 361 pages : illustrations |
| 350 ## - | |
| -- | 0.00 |
| 500 ## - GENERAL NOTE | |
| General note | Includes bibliographical references. |
| 650 #0 - SUBJECT ADDED ENTRY--TOPICAL TERM | |
| Topical term or geographic name entry element | STRENGTH OF MATERIALS |
| 650 ## - SUBJECT ADDED ENTRY--TOPICAL TERM | |
| Topical term or geographic name entry element | METALS |
| 650 ## - SUBJECT ADDED ENTRY--TOPICAL TERM | |
| Topical term or geographic name entry element | IMPACT |
| 995 ## - | |
| -- | ANNEX COLLECTION (Main Library) |
| -- | 0.00 |
| -- | 716518 |
| -- | CBU-MAIN LIBRARY (Kitwe) |
| -- | 1 |
| -- | 13.00 |
| -- | TA 418.34 Joh |
| -- | 2 |
| -- | AVAILABLE |
| -- | 014858 |
| -- | Annex Low-Usage Collection |
| 995 ## - | |
| -- | ANNEX COLLECTION (Main Library) |
| -- | 0.00 |
| -- | 716517 |
| -- | CBU-MAIN LIBRARY (Kitwe) |
| -- | 2 |
| -- | 13.00 |
| -- | TA 418.34 Joh |
| -- | 1 |
| -- | AVAILABLE |
| -- | 014857 |
| -- | Annex Low-Usage Collection |
| 999 ## - | |
| -- | 76424 |
| -- | 76424 |
| Withdrawn status | Lost status | Source of classification or shelving scheme | Damaged status | Not for loan | Permanent Location | Current Location | Shelving location | Date acquired | Total Checkouts | Full call number | Barcode | Date last seen | Copy number | Price effective from | Koha item type |
|---|---|---|---|---|---|---|---|---|---|---|---|---|---|---|---|
| CBU-MAIN LIBRARY, KITWE. | CBU-MAIN LIBRARY, KITWE. | 04/25/2023 | TA 418.34 Joh | 014858 | 04/25/2023 | 1 | 04/25/2023 | MONOGRAPH | |||||||
| CBU-MAIN LIBRARY, KITWE. | CBU-MAIN LIBRARY, KITWE. | 04/25/2023 | TA 418.34 Joh | 014857 | 04/25/2023 | 2 | 04/25/2023 | MONOGRAPH |